| 000 | 03000nam a22003493i 4500 | ||
|---|---|---|---|
| 001 | 9952709501705158 | ||
| 005 | 20250616101328.0 | ||
| 006 | m o d | | ||
| 007 | cr cnu|||||||| | ||
| 008 | 220705s2022 xx o ||||0 eng d | ||
| 020 | _a9781839762024 | ||
| 035 | _a(MiAaPQ)EBC6997300 | ||
| 035 | _a(Au-PeEL)EBL6997300 | ||
| 035 | _a(OCoLC)1321800598 | ||
| 035 | _a(CKB)24106264600041 | ||
| 035 | _a(EXLCZ)9924106264600041 | ||
| 040 |
_aMiAaPQ _beng _erda _epn _cMiAaPQ _dMiAaPQ |
||
| 041 | _aeng | ||
| 050 | 0 | 0 |
_aHD9696.8.U62 _bT37 2022 |
| 100 |
_aTarnoff, Ben. _925399 |
||
| 245 | 1 | 0 |
_aInternet for the People _b: The Fight for Our Digital Future. _c/ Ben Tarnoff |
| 264 | 1 |
_aNew York : _bVerso Books, _c2022. |
|
| 264 | 4 | _c©2022. | |
| 300 | _a199 pages | ||
| 505 | 0 | _aPreface: Among the Eels — A People's History of the Internet — The Plunder Continues — The People's Pipes — From Below — Up the Stack — Online Malls — Elastic Empires — Inclusive Predators — Toward the Forest — Conclusion: Future Nostalgia. | |
| 520 |
_aIn Internet for the People, leading tech writer Ben Tarnoff offers an answer. The internet is broken, he argues, because it is owned by private firms and run for profit. Google annihilates your privacy and Facebook amplifies right-wing propaganda because it is profitable to do so. But the internet wasn't always like this - it had to be remade for the purposes of profit maximization, through a years-long process of privatization that turned a small research network into a powerhouse of global capitalism. Tarnoff tells the story of the privatization that made the modern internet, and which set in motion the crises that consume it today.
The solution to those crises is straightforward: deprivatize the internet. Deprivatization aims at creating an internet where people, and not profit, rule. It calls for shrinking the space of the market and diminishing the power of the profit motive. It calls for abolishing the walled gardens of Google, Facebook, and the other giants that dominate our digital lives and developing publicly and cooperatively owned alternatives that encode real democratic control. To build a better internet, we need to change how it is owned and organized. Not with an eye towards making markets work better, but towards making them less dominant. Not in order to create a more competitive or more rule-bound version of privatization, but to overturn it. Otherwise, a small number of executives and investors will continue to make choices on everyone’s behalf, and these choices will remain tightly bound by the demands of the market. It's time to demand an internet by, and for, the people now. _cProvided by publisher. |
||
| 650 | 0 |
_aInternet industry _xManagement _zUnited States _99552 |
|
| 650 | 0 |
_aInternet _xGovernment policy _zUnited States. |
|
| 650 | 0 |
_a Internet _xPolitical aspects _zUnited States. |
|
| 650 | 0 |
_aDemocracy _zUnited States. |
|
| 942 | _2lcc | ||
| 999 |
_c4723 _d4723 |
||